The Pioneer: (Record no. 181507)

MARC details
000 -LEADER
fixed length control field 00650nam a22002057a 4500
005 - DATE AND TIME OF LATEST TRANSACTION
control field 20210916125449.0
010 ## - LCCN (DPL NO)
LC control number ENG-129939
020 ## - INTERNATIONAL STANDARD BOOK NUMBER
International Standard Book Number 978-93-80361-68-0
Terms of availability 699.00
035 ## - SYSTEM CONTROL NUMBER
System control number EN-113471
037 ## - SOURCE OF ACQUISITION
Source of stock number/acquisition DBAD/PUB
082 ## - DEWEY DECIMAL CLASSIFICATION NUMBER
Classification number 630.92
100 ## - MAIN ENTRY--PERSONAL NAME
Personal name Sadhu, Arun
245 ## - TITLE STATEMENT
Title The Pioneer:
Statement of responsibility, etc Sukumar Ray
Remainder of title Life & Times of Vitthalrao Vikhe Patil
250 ## - EDITION STATEMENT
Edition statement rev. ed..
260 ## - PUBLICATION, DISTRIBUTION, ETC. (IMPRINT)
Name of publisher, distributor, etc Rohan Prakashan
Place of publication, distribution, etc IndIa
Date of publication, distribution, etc 2011
270 ## - ADDRESS
City Pune
Postal code 411030
Address Dhavalgiri Apartments,430 Shaniwar Path
Electronic mail address rohanprakashan@gmail.com
Telephone number 020-24480686
300 ## - PHYSICAL DESCRIPTION
Extent 623p.
Dimensions 25cm(hbk)
500 ## - GENERAL NOTE
General note includes bibliography
942 ## - ADDED ENTRY ELEMENTS (KOHA)
Source of classification or shelving scheme Dewey Decimal Classification
Item type English Books
Classification part 630.92
Call number suffix SAD
Holdings
Withdrawn status Lost status Not for loan Collection code Home library Current library Date acquired Source of acquisition Cost, normal purchase price Full call number Barcode Copy number Cost, replacement price Koha item type
      Reference Central Library Central Library 16/09/2021 DBAD/PUB 699.00 630.92 SAD EN-113471 1 699.00 English Books

© Delhi Public Library
Hit Counter
free hit counter